Harry Potter Characters by Cause of Death - Statistics

General Stats
  • This quiz has been taken 119 times
  • The average score is 10 of 15
Answer Stats
Cause of Death Character % Correct
Knife wound from Bellatrix Lestrange Dobby
98%
Backfired killing curse Voldemort
94%
Fell through the veil of death Sirius Black
86%
Consumed by fiendfyre Vincent Crabbe
86%
Strangled by his own hand Peter Pettigrew
80%
Explosion during the battle of Hogwarts Fred Weasley
79%
Bitten by Nagini Severus Snape
78%
Drowned in the inferi lake Regulus Black
76%
Impaled by the sword of Gryffindor Basilisk
63%
Died in his sleep, waking up without his body Cuthbert Binns
63%
Murdered and transfigured into a bone Barty Crouch, Sr.
57%
45 chops of an axe Nicholas de Mimsy-Porpington
56%
Dispossession by Voldemort and severe burns Quirinus Quirrell
47%
Strangled by devil's snare Broderick Bode
39%
Suicide, driven mad with longing Cadmus Peverell
28%
No matching quizzes found
Score Distribution
Percent of People with Each Score
Percentile by Number Answered
Your Score History
You have not taken this quiz